<?xml version="1.0" encoding="UTF-8"?>
<record
    xmlns:xsi="http://www.w3.org/2001/XMLSchema-instance"
    xsi:schemaLocation="http://www.loc.gov/MARC21/slim http://www.loc.gov/standards/marcxml/schema/MARC21slim.xsd"
    xmlns="http://www.loc.gov/MARC21/slim">

  <leader>00465nam a22001457a 4500</leader>
  <controlfield tag="005">20150909142508.0</controlfield>
  <controlfield tag="008">150909b        xxu||||| |||| 00| 0 eng d</controlfield>
  <datafield tag="040" ind1=" " ind2=" ">
    <subfield code="c">PK-LaUMT</subfield>
  </datafield>
  <datafield tag="082" ind1=" " ind2=" ">
    <subfield code="a">KHC 954.0359</subfield>
    <subfield code="b">HAB-A</subfield>
  </datafield>
  <datafield tag="100" ind1=" " ind2=" ">
    <subfield code="a">&#x62D;&#x628;&#x6CC;&#x628; &#x627;&#x62D;&#x645;&#x62F;</subfield>
  </datafield>
  <datafield tag="245" ind1=" " ind2=" ">
    <subfield code="a">&#x639;&#x644;&#x627;&#x645;&#x6C1; &#x627;&#x642;&#x628;&#x627;&#x644; &#x642;&#x627;&#x626;&#x62F;&#x627;&#x639;&#x638;&#x645; &#x67E;&#x631;&#x648;&#x6CC;&#x632; &#x645;&#x648;&#x62F;&#x648;&#x62F;&#x6CC; &#x627;&#x648;&#x631; &#x62A;&#x62D;&#x631;&#x6CC;&#x6A9; &#x67E;&#x627;&#x6A9;&#x633;&#x62A;&#x627;&#x646;</subfield>
    <subfield code="c">&#x62D;&#x628;&#x6CC;&#x628; &#x627;&#x62D;&#x645;&#x62F;</subfield>
  </datafield>
  <datafield tag="260" ind1=" " ind2=" ">
    <subfield code="a">&#x641;&#x6CC;&#x635;&#x644; &#x622;&#x628;&#x627;&#x62F;</subfield>
    <subfield code="b">&#x631;&#x641;&#x6CC;&#x642; &#x627;&#x62D;&#x645;&#x62F;</subfield>
    <subfield code="c">[N.D]</subfield>
  </datafield>
  <datafield tag="300" ind1=" " ind2=" ">
    <subfield code="a">934 &#x635;</subfield>
  </datafield>
  <datafield tag="942" ind1=" " ind2=" ">
    <subfield code="c">BK</subfield>
  </datafield>
  <datafield tag="999" ind1=" " ind2=" ">
    <subfield code="c">75637</subfield>
    <subfield code="d">75637</subfield>
  </datafield>
  <datafield tag="952" ind1=" " ind2=" ">
    <subfield code="0">0</subfield>
    <subfield code="1">0</subfield>
    <subfield code="4">0</subfield>
    <subfield code="7">0</subfield>
    <subfield code="a">01</subfield>
    <subfield code="b">01</subfield>
    <subfield code="d">2015-09-09</subfield>
    <subfield code="l">1</subfield>
    <subfield code="o">KHC 954.0359 HAB-A</subfield>
    <subfield code="p">68948</subfield>
    <subfield code="r">2018-12-27 00:00:00</subfield>
    <subfield code="s">2018-12-26</subfield>
    <subfield code="w">2015-09-09</subfield>
    <subfield code="y">BK</subfield>
  </datafield>
</record>
